[Event "VII Pontevedra Masters-A 2019"]
[Site "Pontevedra"]
[Date "2019.08.12"]
[Round "6"]
[White "Narciso Dublan, Marc"]
[Black "Rodriguez Vila, Andres"]
[Result "1/2-1/2"]
[WhiteElo "2489"]
[BlackElo "2492"]
[Annotator "TA"]
[PlyCount "104"]
[EventDate "2019.??.??"]
[EventCountry "ESP"]
[SourceTitle "playchess.com"]
[Source "ChessBase"]
[SourceQuality "1"]

{[%evp 13,104,29,33,0,0,0,0,0,0,-15,-14,-12,19,16,11,0,0,0,0,-7,-6,-6,-3,-11,-10,-8,-8,-12,-12,-62,-47,-68,-58,-67,-66,-60,-64,-51,-48,-46,0,0,0,-68,-68,-106,-104,-106,-106,-105,-106,-106,-108,-107,-84,-106,-80,-80,-78,-111,-41,-40,-41,-48,-8,-16,0,0,0,0,0,0,0,0,0,0,0,0,0,0,0,0,0,0,0,0,0,0,0,0,0,0,0]} 1. d4 e6 2. c4 Nf6 3. Nc3 Bb4 4. Qc2 O-O 5. a3 Bxc3+ 6. Qxc3 b5 7. cxb5 c6 8. a4 {E32: Nimzo-Indian: Classical (4 Qc2): 4...0-0} a6 9. Bg5 axb5 10. a5 h6 $146 ({Predecessor:} 10... Na6 11. Nf3 c5 12. dxc5 Ne4 13. Bxd8 Nxc3 14. Bb6 Na4 15. e3 N6xc5 16. Bxc5 Nxc5 {½-½ (56) Anastasian,A (2595)-Dizdar,G (2518) Gothenburg 2005}) 11. Bxf6 Qxf6 12. e3 Na6 13. Nf3 Bb7 14. Ne5 Rfd8 15. Be2 d6 16. Nxc6 b4 $36 {[%mdl 2048] Black is pushing.} 17. Nxb4 Rdc8 18. Qa3 Nxb4 19. Qxb4 {[%mdl 64] Double Attack} Bxg2 20. Rg1 Bf3 {Threatens to win with ...Bxe2.} 21. Bd3 e5 22. dxe5 dxe5 23. Rg3 $1 Rab8 24. Rxf3 Rxb4 25. Rxf6 gxf6 $15 {[%mdl 4096] Endgame KRR-KRB} 26. Bf5 Rcc4 27. a6 Ra4 28. Rxa4 (28. Rb1 $1 $11 Rcb4 29. Bd3) 28... Rxa4 $11 {KR-KB} 29. Bc8 {Strongly threatening Bb7.} Kf8 30. Bb7 {[#]} Ke7 $1 31. b4 {And now b5 would win.} Kd6 32. b5 {Hoping for b6.} Kc5 33. Bc6 Kb6 34. Kf1 Rg4 35. Be8 Rg7 36. e4 f5 ({Black should play} 36... Rg4 $17 37. Bc6 Rf4) 37. exf5 $15 f6 38. f3 Rg8 (38... h5 $5 39. Kf2 h4 $17) 39. Bc6 {The position is equal.} h5 40. Kf2 h4 41. f4 exf4 42. Kf3 h3 43. Kxf4 {[#]} Rg2 $1 {[%mdl 512]} 44. Kf3 (44. Bxg2 hxg2) 44... Ka7 45. Kf4 Kb6 46. Kf3 Rxh2 {...Rg2 is the strong threat.} 47. Kg3 Rd2 {White must now prevent ...h2.} (47... Re2 {with more complications.} 48. Kxh3 Re5 49. Kg4 Rc5 50. Kf4 Re5) 48. Kxh3 Rf2 49. Kg4 Rf1 50. Be8 Rg1+ 51. Kf4 Rf1+ 52. Kg4 Rg1+ {Accuracy: White = 79%, Black = 67%.} 1/2-1/2

[Event "VII Pontevedra Masters-A 2019"]
[Site "Pontevedra"]
[Date "2019.08.12"]
[Round "6"]
[White "Bernal Moro, Luis Javier"]
[Black "Khamrakulov, Ibragim S."]
[Result "1-0"]
[WhiteElo "2428"]
[BlackElo "2437"]
[Annotator "TA"]
[PlyCount "85"]
[EventDate "2019.??.??"]
[EventCountry "ESP"]
[SourceTitle "playchess.com"]
[Source "ChessBase"]
[SourceQuality "1"]

{[%evp 9,85,9,92,82,93,103,91,104,104,100,91,91,118,120,123,109,115,95,106,112,123,87,184,180,268,264,304,297,289,286,281,295,285,288,295,288,267,261,404,389,406,387,527,527,527,512,512,475,468,466,447,432,512,402,443,440,592,598,675,664,731,724,716,715,710,706,681,637,727,717,814,776,830,888,870,858,811,792]} 1. c4 c5 2. Nf3 Nc6 3. d4 cxd4 4. Nxd4 Nf6 5. Nc3 Qc7 {[#]} (5... e6 $11) (5... e6 6. Bg5 Be7 7. e3 O-O 8. Be2 h6 9. Bh4 d5 10. cxd5 Nxd5 11. Nxc6 bxc6 12. Bxe7 Qxe7 13. Qc2 Rb8 14. O-O Qc5 15. Rab1 e5 {½-½ (30) Rapport,R (2738)-Vidit,S (2711) Prague 2019}) 6. Ndb5 $1 $16 {[%cal Rb5c7] A31: Symmetrical English: 2 Nf3 Nf6 3 d4} Qb8 7. Nd5 Nxd5 8. cxd5 {White is better.} a6 {[#]} 9. Nc3 $1 (9. dxc6 $6 axb5 10. cxd7+ Bxd7 $11) 9... Nd8 $146 ({Predecessor:} 9... Ne5 10. e4 e6 11. Be3 b6 12. Be2 Bc5 13. Qd2 {1-0 (38) Gierth,K (2370)-Flyckt Olsen,J (2440) ICCF corr 1997}) 10. e4 e5 11. Be3 $36 {[%mdl 2048] Black is under strong pressure.} b5 12. Be2 Be7 13. O-O O-O 14. a3 d6 15. b4 Bd7 (15... f5 $16) 16. a4 $18 bxa4 (16... f5 $142) 17. Nxa4 Bb5 18. Nb6 {And now Bxb5 would win.} Ra7 19. Bxb5 axb5 20. Rxa7 Qxa7 21. Qa1 Qb7 22. Qa5 f5 23. exf5 ({Don't do} 23. Qxb5 $6 fxe4 24. Qd7 Rf7 $18) 23... Nf7 (23... h6 $142 24. Rc1 (24. Qxb5 Rxf5 25. Qe8+ Rf8 $18) 24... Bg5 25. Bxg5 (25. Qxb5 Bxe3 26. fxe3 Rxf5 $16) 25... hxg5) 24. Qxb5 Rb8 25. Qc6 g6 26. fxg6 hxg6 27. b5 e4 28. Rb1 Ne5 29. Qxb7 Rxb7 30. Bd4 Nd3 31. Na4 Kf7 32. Nc3 {White is clearly winning.} Nf4 33. g3 Nh3+ 34. Kg2 Ng5 35. h4 Nf3 36. Be3 Ne5 37. Nxe4 Nc4 38. Rb4 Nxe3+ 39. fxe3 Ke8 40. Nd2 Kd7 41. b6 Bd8 42. Nc4 Ke7 43. Ra4 {Accuracy: White = 96%, Black = 42%.} 1-0

[Event "VII Pontevedra Masters-A 2019"]
[Site "Pontevedra"]
[Date "2019.08.12"]
[Round "6"]
[White "Lillo Castany, Victor"]
[Black "Kukov, Velislav"]
[Result "1/2-1/2"]
[WhiteElo "2332"]
[BlackElo "2349"]
[Annotator "ChessBase"]
[PlyCount "28"]
[EventDate "2019.??.??"]
[EventCountry "ESP"]
[SourceTitle "playchess.com"]
[Source "ChessBase"]
[SourceQuality "1"]
[TimeControl "5400+30"]

1. e4 c6 2. d4 d5 3. e5 Na6 4. c3 Nc7 5. Bd3 g6 6. Ne2 h5 7. h4 Nh6 8. Ng3 Ne6 9. Bg5 Ng7 10. Nd2 Nhf5 11. Ne2 Nh6 12. Ng3 Nhf5 13. Ne2 Nh6 14. Ng3 Nhf5 1/2-1/2

[Event "VII Pontevedra Masters-A 2019"]
[Site "Pontevedra"]
[Date "2019.08.12"]
[Round "6"]
[White "Solozhenkina, Elizaveta"]
[Black "Pazos Porta, Antonio"]
[Result "0-1"]
[WhiteElo "2324"]
[BlackElo "2340"]
[Annotator "ChessBase"]
[PlyCount "104"]
[EventDate "2019.??.??"]
[EventCountry "ESP"]
[SourceTitle "playchess.com"]
[Source "ChessBase"]
[SourceQuality "1"]
[TimeControl "5400+30"]

1. e4 e6 2. d4 d5 3. Nc3 Nf6 4. e5 Nfd7 5. f4 c5 6. Nf3 Nc6 7. Be3 Be7 8. Qd2 O-O 9. dxc5 Qa5 10. O-O-O b6 11. Bb5 Nb4 12. Kb1 bxc5 13. a3 Rb8 14. Bxd7 Bxd7 15. axb4 Qxb4 16. b3 c4 17. Nd4 Rfc8 18. Na2 Qa3 19. Qc1 cxb3 20. Nxb3 Rxb3+ 21. cxb3 Rxc1+ 22. Nxc1 a5 23. Bd4 Qb4 24. Rhf1 a4 25. Rf3 Bb5 26. Na2 Qa5 27. Rc1 h6 28. Rfc3 axb3 29. Rxb3 Bc4 30. Rb2 Ba3 31. Rb8+ Kh7 32. Nc3 Bxc1 33. Kxc1 Bd3 34. Rb7 Qa1+ 35. Kd2 Bg6 36. Ne2 Qh1 37. g4 Qxh2 38. f5 exf5 39. e6 Qd6 40. exf7 Qf8 41. Nf4 Bxf7 42. gxf5 Qg8 43. Ra7 Qb8 44. Ne6 Qh2+ 45. Kc1 Qh1+ 46. Kb2 Qg2+ 47. Kc3 Qf3+ 48. Kb4 Qxf5 49. Nxg7 Qd3 50. Ba1 Qc4+ 51. Ka5 Qc5+ 52. Ka6 d4 0-1

[Event "VII Pontevedra Masters-A 2019"]
[Site "Pontevedra"]
[Date "2019.08.12"]
[Round "6"]
[White "Laiz Ibanez, Hector"]
[Black "Shirov, Alexei"]
[Result "0-1"]
[WhiteElo "2268"]
[BlackElo "2658"]
[Annotator "TA"]
[PlyCount "78"]
[EventDate "2019.??.??"]
[EventCountry "ESP"]
[SourceTitle "playchess.com"]
[Source "ChessBase"]
[SourceQuality "1"]

{[%evp 16,78,5,0,12,14,12,12,11,8,9,0,-6,-3,54,50,45,21,12,-158,-152,-265,-262,-245,-118,-117,-24,-63,-72,-65,-60,-79,-45,-48,-52,-93,0,0,0,0,0,0,0,-9,-9,-81,-39,-102,-102,-100,-97,-89,-89,-124,-116,-332,-335,-324,-322,-595,-564,-2935,-2675,-29988,-29987]} 1. e4 c5 2. Nf3 Nc6 3. d4 cxd4 4. Nxd4 e5 5. Nb5 d6 6. a4 Be7 7. N1c3 {[%cal Bb1c3,Bc3e4,Be4d6][%mdl 32]} a6 8. Na3 Nf6 9. Bg5 Nxe4 {B33: Sicilian: Pelikan and Sveshnikov Variations} (9... O-O 10. Bxf6 Bxf6 11. Bc4 Be6 12. O-O Bg5 13. Nd5 Kh8 14. c3 f5 15. Nb6 Qxb6 16. Bxe6 Qxb2 17. Nc4 Qxc3 18. Qh5 Nd4 19. Bd5 Be7 20. Ra3 Qb4 21. Rh3 h6 22. Ne3 Qxa4 23. exf5 {0-1 (32) Panarin,M (2555)-Shirov,A (2709) St Petersburg 2014}) 10. Nxe4 {Threatens to win with Bxe7.} Bxg5 11. Nxd6+ Ke7 $1 {The position is equal.} 12. Nac4 Be6 13. h4 $146 ({Predecessor:} 13. a5 Qc7 14. Qh5 h6 15. c3 g6 16. Qf3 Rad8 {½-½ (16) Kovchan,A (2561)-Brodsky,M (2559) Noyabrsk 2003}) 13... Bh6 {next ...Qc7 is good for Black.} 14. Qf3 $132 {[%mdl 2048] White is not holding back} Qc7 ({Better is} 14... Nd4 $11 15. Qxb7+ Qd7) 15. Qa3 $1 $14 Kf8 $1 16. Qc5 Kg8 17. Nxe5 $2 (17. Rd1 $11) 17... Bf4 $17 18. Nec4 (18. Ndxf7 $17 {is a better defense.} Bxf7 19. Nxf7 Re8+ 20. Kd1 Kxf7 21. Bd3 (21. Qf5+ $2 Ke7 $19)) 18... Rd8 $1 $19 {[%cal Rf4d6]} (18... Bxc4 19. Nxc4 Re8+ 20. Be2 $14) 19. Rd1 b6 (19... Bg4 $1 $19 {has better winning chances.} 20. Be2 Qe7 $1 {[%mdl 512]}) 20. Qa3 $17 Na5 (20... Bg4 $17 21. Be2 h5 22. Bxg4 hxg4) 21. Qf3 Nxc4 22. Nxc4 Re8 $1 ({Inferior is} 22... Bxc4 23. Bxc4 Re8+ 24. Be2 $16) 23. Ne3 Bxe3 (23... h5 $5 {[%cal Re6g4]} 24. Rd4 Be5 $15) 24. fxe3 h5 {Strongly threatening ...Bg4.} 25. Rd4 Bg4 (25... Qxc2 $17 {White must now prevent ...Bg4.} 26. Qf2 Qc1+ 27. Rd1 Qc5) 26. Qf4 $1 $11 {[%cal Rf4c7]} Qxc2 {aiming for ...Rh6.} 27. Bc4 $1 Qc1+ 28. Kf2 Qxb2+ ({Not} 28... Qxh1 29. Qxf7+ Kh7 30. Bd3+ Re4 31. Bxe4+ Bf5 32. Bxf5+ Kh6 33. Qg6#) 29. Kg3 Be6 $1 {[%cal Re6c4] ...Bxc4 is the strong threat.} 30. Rf1 (30. Bd3 $1 $11 {keeps the balance.}) 30... Rh6 31. Rf2 (31. Bd3 $15) 31... Qb1 $17 32. Bxe6 Qg6+ ({Of course not} 32... Rexe6 $6 33. Qxf7+ Kh7 34. Kh2 $11) 33. Bg4 hxg4 34. Rd7 {[%cal Rf4f7]} f6 {And now ...Qh5 would win.} 35. Rd5 $2 {[#]} (35. Qc4+ $17 Kh8 36. Rf4) 35... Re4 $1 $19 {[%cal Re4f4]} 36. Qb8+ {[#]} Kh7 $1 37. Qxb6 $2 (37. Re2 f5 38. Qf8 f4+ {[%mdl 64] Double Attack} 39. Kf2) 37... Qe8 38. Re2 f5 39. Qb1 Rxe3+ {[%mdl 64] Double Attack. Accuracy: White = 29%, Black = 57%.} 0-1

[Event "VII Pontevedra Masters-A 2019"]
[Site "Pontevedra"]
[Date "2019.08.12"]
[Round "6"]
[White "Buitron Ramil, David"]
[Black "Gomez Benitez, David"]
[Result "1-0"]
[WhiteElo "1919"]
[BlackElo "1987"]
[Annotator "NA"]
[PlyCount "64"]
[EventDate "2019.??.??"]
[EventCountry "ESP"]
[SourceTitle "playchess.com"]
[Source "ChessBase"]
[SourceQuality "1"]
[TimeControl "5400+30"]

1. e4 d6 2. d4 Nf6 3. Nc3 g6 4. f3 c6 5. Be3 b5 6. Qd2 Nbd7 7. Nd1 Nb6 8. Bh6 Bxh6 9. Qxh6 Qc7 10. Bd3 Be6 11. b3 a5 12. Ne2 Rg8 13. Qd2 a4 14. Rb1 g5 15. Ne3 axb3 16. axb3 Ra2 17. Nc3 Ra8 18. d5 b4 19. dxe6 bxc3 20. exf7+ Kxf7 21. Qxc3 e6 22. O-O h5 23. f4 g4 24. e5 Nfd5 25. Nxd5 Nxd5 26. Qe1 Qb6+ 27. Kh1 g3 28. f5 Ne3 29. fxe6+ Kxe6 30. Rf3 Ng4 31. exd6+ Kxd6 32. Qxg3+ Kd5 1-0

[Event "VII Pontevedra Masters-A 2019"]
[Site "Pontevedra"]
[Date "2019.08.12"]
[Round "7"]
[White "Shirov, Alexei"]
[Black "Grigoryan, Karen H."]
[Result "1-0"]
[WhiteElo "2658"]
[BlackElo "2549"]
[Annotator "TA"]
[PlyCount "107"]
[EventDate "2019.??.??"]
[EventCountry "ESP"]
[SourceTitle "playchess.com"]
[Source "ChessBase"]
[SourceQuality "1"]

{[%evp 11,107,23,35,22,32,29,20,19,13,16,34,25,52,39,127,141,120,129,127,101,133,134,137,137,153,106,119,108,103,63,164,171,203,216,219,190,189,176,164,143,156,104,95,111,102,100,135,16,120,133,457,450,402,447,448,436,435,430,443,424,412,359,349,357,434,425,396,397,409,320,870,893,880,869,926,919,934,928,975,606,710,688,712,680,750,748,767,617,616,595,659,659,645,645,1565,1312,1319,1130]} 1. e4 c6 2. d4 d5 3. e5 Bf5 4. Nf3 e6 5. Be2 Ne7 6. O-O h6 7. Nbd2 {B12: Caro-Kann: Advance Variation} g5 (7... Nd7 8. c3 g5 9. Ne1 c5 10. Nc2 Nc6 11. Nb3 c4 12. Nd2 Bg6 13. Bh5 Bd3 14. Re1 Bg7 {0-1 (60) Vachier Lagrave,M (2779)-Nakamura,H (2777) chess.com INT 2018}) 8. Nb3 Nd7 9. Ne1 {The position is equal.} Qc7 10. Nd3 b6 11. Be3 c5 12. dxc5 Nc6 $146 (12... Bg7 $14) ({Predecessor:} 12... Bg7 13. cxb6 axb6 14. Nd4 {1-0 (50) Darini,P (2484)-Veisi,B (2312) Hamedan 2017}) 13. cxb6 $1 $16 axb6 14. f4 gxf4 15. Nxf4 Qxe5 16. Qd2 Be4 17. Bb5 Rc8 18. c4 Bb4 19. Qe2 {Threatens to win with cxd5.} dxc4 20. Qxc4 {Strongly threatening Bd4.} Rg8 {[#]} (20... O-O $14) 21. Rad1 $1 $18 {[%cal Rd1d7]} Rc7 22. Bxb6 Nxb6 23. Qxb4 $1 {And now Rde1 would win.} Nd7 24. Bxc6 Rxc6 25. Nd2 $40 {[%mdl 128] White attacks with force.} Bc2 {[#]} ({Wrong is} 25... Bxg2 $2 26. Nxg2 Rc2 27. Rf2 $18) 26. Rde1 (26. Nc4 $142 $1 {[%cal Rc4e5]} Qc5+ 27. Qxc5 Rxc5 28. Rd4) 26... Qc5+ 27. Qxc5 Rxc5 28. b4 Rc8 29. Nf3 ({Better is} 29. g3 $16) 29... Ke7 (29... Rc4 $11 {keeps the balance.} 30. Rc1 Rg4) 30. Nd4 Kd6 $2 {[%mdl 8192]} (30... Rc4 $16 31. Nxc2 Rxc2) 31. Nb5+ Ke7 32. Nd5+ $1 Kd8 {[#]} 33. Nd6 $1 exd5 34. Nxc8 Be4 35. Nd6 Bxg2 36. Nxf7+ Kc7 37. Rf4 ({Weaker is} 37. Nxh6 Rg6 $16) 37... Bh3+ 38. Kf2 Rg2+ 39. Kf3 Rxa2 40. Kg3 Bg2 $2 (40... Ra3+ 41. Rf3 Rxf3+ 42. Kxf3 h5) 41. Rc1+ {White is clearly winning.} Kb6 42. Nd6 d4 43. Rxd4 Nf6 44. Rc5 Bh1 45. Nc4+ Kb7 46. Re5 Rg2+ 47. Kh3 Rg7 48. Nd6+ Ka7 49. Re7+ {[%mdl 64] Decoy} Rxe7 50. Nc8+ {[%mdl 64] Double Attack} Ka6 {Hoping for ...Re3+.} 51. Nxe7 Kb5 52. Nf5 Nd5 53. Rd1 Nf4+ 54. Kg4 {Accuracy: White = 79%, Black = 29%.} 1-0

[Event "VII Pontevedra Masters-A 2019"]
[Site "Pontevedra"]
[Date "2019.08.12"]
[Round "7"]
[White "Ruck, Robert"]
[Black "Bernal Moro, Luis Javier"]
[Result "1-0"]
[WhiteElo "2524"]
[BlackElo "2428"]
[Annotator "ChessBase"]
[PlyCount "77"]
[EventDate "2019.??.??"]
[EventCountry "ESP"]
[SourceTitle "playchess.com"]
[Source "ChessBase"]
[SourceQuality "1"]
[TimeControl "5400+30"]

1. Nf3 Nf6 2. c4 g6 3. d4 Bg7 4. g3 O-O 5. Bg2 d6 6. O-O Nc6 7. Nc3 e5 8. dxe5 dxe5 9. Bg5 Be6 10. Qa4 Qc8 11. Rfd1 Nd7 12. Nd5 e4 13. Nd2 f5 14. Rab1 Kh8 15. Nb3 Nce5 16. Nd4 Nb6 17. Qb5 c6 18. Nxb6 axb6 19. Qxb6 Nxc4 20. Qc5 Bd5 21. b3 b6 22. Qe7 Re8 23. bxc4 Rxe7 24. cxd5 Rd7 25. Nxc6 Rxd5 26. Rxd5 Qxc6 27. Rbd1 h6 28. Be3 Rxa2 29. Rd6 Qa4 30. Bf1 Ra1 31. Rd8+ Kh7 32. R1d7 g5 33. Bd4 Rxf1+ 34. Kxf1 Qd1+ 35. Kg2 Kg6 36. Rd6+ Kf7 37. R8d7+ Ke8 38. Bxg7 Qxe2 39. Bf6 1-0

[Event "VII Pontevedra Masters-A 2019"]
[Site "Pontevedra"]
[Date "2019.08.12"]
[Round "7"]
[White "Rodriguez Vila, Andres"]
[Black "Manolache, Marius"]
[Result "0-1"]
[WhiteElo "2492"]
[BlackElo "2504"]
[Annotator "ChessBase"]
[PlyCount "80"]
[EventDate "2019.??.??"]
[EventCountry "ESP"]
[SourceTitle "playchess.com"]
[Source "ChessBase"]
[SourceQuality "1"]
[TimeControl "5400+30"]

1. e4 c5 2. Nf3 e6 3. d3 Nc6 4. g3 Be7 5. Bg2 Nf6 6. O-O O-O 7. Re1 d6 8. Nc3 Bd7 9. a4 Rc8 10. h3 a6 11. Nd2 Rb8 12. f4 b5 13. axb5 axb5 14. e5 Ne8 15. Nf3 Qc7 16. Kh2 Nd4 17. Nxd4 cxd4 18. Ne2 Qb6 19. b3 f6 20. exf6 Bxf6 21. g4 g6 22. Bd2 b4 23. Ng3 Nc7 24. Re2 Bg7 25. Qe1 Rbc8 26. Ra2 Rce8 27. Be4 d5 28. Bg2 Nb5 29. Bxb4 Nc3 30. Bxc3 dxc3 31. f5 exf5 32. Bxd5+ Kh8 33. gxf5 Rxe2+ 34. Qxe2 Qd6 35. Be6 Bc6 36. Ra5 Qf4 37. Bd5 Be5 38. Qg2 Bxd5 39. Rxd5 Rxf5 40. d4 Qxg3+ 0-1

[Event "VII Pontevedra Masters-A 2019"]
[Site "Pontevedra"]
[Date "2019.08.12"]
[Round "7"]
[White "Pulvett Marin, Daniel Eduardo"]
[Black "Petkov, Vladimir"]
[Result "1-0"]
[WhiteElo "2474"]
[BlackElo "2497"]
[Annotator "ChessBase"]
[PlyCount "63"]
[EventDate "2019.??.??"]
[EventCountry "ESP"]
[SourceTitle "playchess.com"]
[Source "ChessBase"]
[SourceQuality "1"]
[TimeControl "5400+30"]

1. d4 Nf6 2. Nf3 e6 3. c4 b6 4. g3 Bb7 5. Bg2 g6 6. O-O Bg7 7. Nc3 Ne4 8. Qd3 Nxc3 9. bxc3 O-O 10. e4 d6 11. Bg5 Qd7 12. Nd2 Nc6 13. f4 f6 14. Bh4 Na5 15. Bh3 f5 16. Rae1 Qc6 17. Rf2 Rae8 18. Rfe2 Qa4 19. Bg2 Kh8 20. exf5 Bxg2 21. f6 Bh3 22. fxg7+ Kxg7 23. d5 e5 24. fxe5 dxe5 25. g4 Bxg4 26. Rxe5 Rxe5 27. Qd4 Kg8 28. Qxe5 Qc2 29. Ne4 Bh3 30. Bf2 Rf5 31. Nf6+ Kg7 32. Qe6 1-0

[Event "VII Pontevedra Masters-A 2019"]
[Site "Pontevedra"]
[Date "2019.08.12"]
[Round "7"]
[White "Khamrakulov, Ibragim S."]
[Black "Lillo Castany, Victor"]
[Result "1-0"]
[WhiteElo "2437"]
[BlackElo "2332"]
[Annotator "NA"]
[PlyCount "87"]
[EventDate "2019.??.??"]
[EventCountry "ESP"]
[SourceTitle "playchess.com"]
[Source "ChessBase"]
[SourceQuality "1"]
[TimeControl "5400+30"]

1. e4 e5 2. Nf3 Nc6 3. Bc4 Nf6 4. d3 Bc5 5. O-O a6 6. c3 d6 7. Bb3 h6 8. h3 O-O 9. Be3 Bxe3 10. fxe3 d5 11. exd5 Nxd5 12. Qe2 Be6 13. Nbd2 Qd7 14. Ne4 Qe7 15. d4 exd4 16. Nxd4 Rae8 17. Rae1 Nxd4 18. exd4 Qd8 19. Qf3 c6 20. Nc5 Bc8 21. Kh1 Rxe1 22. Rxe1 Nf6 23. Ne4 Nxe4 24. Qxe4 Qd6 25. Qe7 Qg6 26. Rf1 Bf5 27. Rf3 b5 28. Qe5 Bd7 29. Kh2 Qg5 30. Bxf7+ Kh8 31. Bg6 Qxe5+ 32. dxe5 Rxf3 33. gxf3 Be6 34. a3 c5 35. f4 Kg8 36. Bd3 Bd7 37. f5 a5 38. Kg3 Bc6 39. Kf4 Kf7 40. Be4 Be8 41. b4 cxb4 42. cxb4 axb4 43. axb4 Ke7 44. Ke3 1-0

[Event "VII Pontevedra Masters-A 2019"]
[Site "Pontevedra"]
[Date "2019.08.12"]
[Round "7"]
[White "Portela Peleteiro, Alberto"]
[Black "Bobadilla Viera, Jorge Samuel"]
[Result "1-0"]
[WhiteElo "2375"]
[BlackElo "2381"]
[Annotator "NA"]
[PlyCount "123"]
[EventDate "2019.??.??"]
[EventCountry "ESP"]
[SourceTitle "playchess.com"]
[Source "ChessBase"]
[SourceQuality "1"]
[TimeControl "5400+30"]

1. e4 c5 2. g3 d5 3. Bg2 dxe4 4. Nc3 e5 5. Nxe4 f5 6. Nc3 Nf6 7. d3 Nc6 8. Nf3 Bd6 9. O-O O-O 10. Nd2 h6 11. Nc4 Re8 12. Re1 Bc7 13. a4 a6 14. b3 Rb8 15. Ba3 Nb4 16. Na2 b5 17. axb5 axb5 18. Ne3 Nxa2 19. Rxa2 Ba5 20. Re2 f4 21. gxf4 exf4 22. Nd5 Rxe2 23. Nxf6+ Qxf6 24. Qxe2 Bd7 25. Bb2 Bc3 26. Bxc3 Qxc3 27. Qe7 Bg4 28. Bd5+ Kh8 29. h4 Bh5 30. Kg2 Qd4 31. Bf3 Bxf3+ 32. Kxf3 Qd5+ 33. Kxf4 Qg2 34. Ke3 Qc6 35. Kd2 c4 36. Qe4 c3+ 37. Kd1 Qc8 38. Ra7 Qf8 39. Qe5 b4 40. Rxg7 Qxg7 41. Qxb8+ Kh7 42. Qxb4 Qf6 43. Qe4+ Kg8 44. Ke2 Kh8 45. Ke3 Kg8 46. d4 Qa6 47. h5 Qf1 48. Qg6+ Kh8 49. Qxh6+ Kg8 50. Qg6+ Kh8 51. Qd3 Qe1+ 52. Qe2 Qc1+ 53. Kd3 Qa1 54. Qe8+ Kh7 55. Qd7+ Kh8 56. Qc8+ Kh7 57. Qxc3 Qf1+ 58. Kd2 Qxf2+ 59. Kc1 Qh4 60. d5 Qg5+ 61. Kb2 Qxd5 62. Qd3+ 1-0

[Event "VII Pontevedra Masters-A 2019"]
[Site "Pontevedra"]
[Date "2019.08.12"]
[Round "7"]
[White "Kukov, Velislav"]
[Black "Laiz Ibanez, Hector"]
[Result "1/2-1/2"]
[WhiteElo "2349"]
[BlackElo "2268"]
[Annotator "NA"]
[PlyCount "77"]
[EventDate "2019.??.??"]
[EventCountry "ESP"]
[SourceTitle "playchess.com"]
[Source "ChessBase"]
[SourceQuality "1"]
[TimeControl "5400+30"]

1. d4 Nf6 2. Nf3 e6 3. Bf4 d5 4. e3 Bd6 5. Bg3 O-O 6. Nbd2 c5 7. c3 Qc7 8. Bd3 Nbd7 9. O-O e5 10. e4 exd4 11. cxd4 Bxg3 12. hxg3 dxe4 13. Nxe4 cxd4 14. Nxd4 Nxe4 15. Bxe4 Nf6 16. Bf3 Rd8 17. Qc2 Qxc2 18. Nxc2 Bf5 19. Ne3 Be4 20. Rfd1 Bxf3 21. gxf3 g6 22. Rac1 Rxd1+ 23. Rxd1 Rc8 24. Kg2 Kf8 25. f4 h5 26. Rd4 Ke7 27. Ra4 a6 28. Rb4 b5 29. a4 Rc5 30. Rd4 Ke6 31. Kf3 Nd5 32. axb5 Rxb5 33. Re4+ Kf6 34. Ra4 Nxe3 35. Rxa6+ Kg7 36. fxe3 Rxb2 37. e4 Rb3+ 38. Kg2 Rb2+ 39. Kf3 1/2-1/2

[Event "VII Pontevedra Masters-A 2019"]
[Site "Pontevedra"]
[Date "2019.08.12"]
[Round "7"]
[White "Pazos Porta, Antonio"]
[Black "Narciso Dublan, Marc"]
[Result "1/2-1/2"]
[WhiteElo "2340"]
[BlackElo "2489"]
[Annotator "ChessBase"]
[PlyCount "133"]
[EventDate "2019.??.??"]
[EventCountry "ESP"]
[SourceTitle "playchess.com"]
[Source "ChessBase"]
[SourceQuality "1"]
[TimeControl "5400+30"]

1. c4 e5 2. g3 Nc6 3. Bg2 d6 4. Nc3 Be6 5. d3 Qd7 6. Nd5 Nge7 7. Rb1 Nd8 8. b3 c6 9. Nxe7 Bxe7 10. Bb2 Qc7 11. a3 d5 12. Nf3 f6 13. O-O O-O 14. Qc2 Qd7 15. Rbc1 Bd6 16. Nd2 Nf7 17. e4 Rac8 18. c5 Bb8 19. b4 Rcd8 20. Rcd1 f5 21. exd5 Bxd5 22. Nf3 f4 23. Qe2 Rde8 24. Nd2 Ng5 25. f3 Qd8 26. Ne4 Ne6 27. Bh3 Nd4 28. Bxd4 exd4 29. Qg2 a5 30. Kh1 Re7 31. Rg1 fxg3 32. hxg3 b6 33. Rde1 Rb7 34. Qf2 bxc5 35. bxc5 Rb3 36. Qxd4 Rxa3 37. Rgf1 Qe7 38. Bg2 Qe5 39. Qxe5 Bxe5 40. f4 Bd4 41. Ng5 Bxg2+ 42. Kxg2 Rxd3 43. Ne6 Ra8 44. Nxd4 Rxd4 45. Re6 Rc8 46. Rb1 Rb4 47. Rd1 Rc7 48. Rdd6 Rc4 49. Rxc6 Rxc5 50. Rxc5 Rxc5 51. Ra6 Kf7 52. Kf3 h5 53. Ra7+ Kf6 54. g4 g6 55. Ra6+ Kf7 56. Ra7+ Ke8 57. Ra6 Kf7 58. Ra7+ Ke8 59. Ra6 Rc3+ 60. Kg2 Ra3 61. Rxg6 hxg4 62. Rxg4 a4 63. Rg7 Rb3 64. Ra7 a3 65. f5 Rb2+ 66. Kf3 a2 67. Ke4 1/2-1/2

[Event "VII Pontevedra Masters-A 2019"]
[Site "Pontevedra"]
[Date "2019.08.12"]
[Round "7"]
[White "Buitron Ramil, David"]
[Black "Saborido Bua, Jorge"]
[Result "1-0"]
[WhiteElo "1919"]
[BlackElo "1986"]
[Annotator "NA"]
[PlyCount "95"]
[EventDate "2019.??.??"]
[EventCountry "ESP"]
[SourceTitle "playchess.com"]
[Source "ChessBase"]
[SourceQuality "1"]
[TimeControl "5400+30"]

1. e4 d5 2. exd5 Qxd5 3. Nc3 Qd8 4. d4 c6 5. Bc4 Bf5 6. g4 Bg6 7. f4 e6 8. Nf3 Bb4 9. h4 Be4 10. a3 Bxc3+ 11. bxc3 Nd7 12. Rh3 Nb6 13. Bb3 Bd5 14. Ne5 Bxb3 15. cxb3 Qc7 16. c4 f6 17. Nd3 O-O-O 18. Bb2 Nh6 19. Qe2 Nd7 20. Re3 Nf8 21. O-O-O b6 22. Qf3 f5 23. g5 Ng4 24. Re2 a5 25. Rc2 h5 26. d5 Ng6 27. dxe6 Nxh4 28. Qe2 Rhe8 29. c5 b5 30. Ne5 Rxd1+ 31. Qxd1 Rxe6 32. Rd2 Qe7 33. Rd7 Qxc5+ 34. Kb1 Re7 35. Rd8+ Kb7 36. Rd7+ Kc8 37. Rxe7 Qxe7 38. Qh1 Nxe5 39. fxe5 Qxg5 40. Qxc6+ Kd8 41. e6 Qd2 42. Qa8+ Ke7 43. Qg8 Qd1+ 44. Ka2 Qd8 45. Qf7+ Kd6 46. Bxg7 a4 47. e7 axb3+ 48. Kxb3 1-0